Online
Catalog

El estrecho dudoso / (Record no. 17978)

MARC details
000 -CABECERA
campo de control de longitud fija 00930cam a2200265 a 4500
001 - NÚMERO DE CONTROL
campo de control 000018458
005 - FECHA Y HORA DE LA ÚLTIMA TRANSACCIÓN
campo de control 20200929165817.0
008 - DATOS DE LONGITUD FIJA--INFORMACIÓN GENERAL
campo de control de longitud fija 790216s1966 sp 000 p spa d
035 ## - NÚMERO DE CONTROL DEL SISTEMA
Número de control de sistema (DLC) 68049816
035 ## - NÚMERO DE CONTROL DEL SISTEMA
Número de control de sistema (OCoLC)4660388
040 ## - FUENTE DE LA CATALOGACIÓN
Centro catalogador/agencia de origen DO-SdBNP
Centro/agencia transcriptor OCl
Centro/agencia modificador OCoLC
-- DLC
-- BNPHU
042 ## - CÓDIGO DE AUTENTICACIÓN
Código de autenticación premarc
082 ## - NÚMERO DE LA CLASIFICACIÓN DECIMAL DEWEY
Número de clasificación N861.44
Número de documento/Ítem C266e
049 ## - FONDOS LOCALES (OCLC)
Fondos de biblioteca BNGR
100 1# - ENTRADA PRINCIPAL--NOMBRE DE PERSONA
Nombre de persona Cardenal, Ernesto,
Fechas asociadas al nombre 1925-
9 (RLIN) 8090
245 13 - MENCIÓN DE TÍTULO
Título El estrecho dudoso /
Mención de responsabilidad, etc. Ernesto Cardenal ; Carta prólogo de José Coronel Urtecho.
260 ## - PUBLICACIÓN, DISTRIBUCIÓN, ETC.
Lugar de publicación, distribución, etc. Madrid :
Nombre del editor, distribuidor, etc. Cultura Hispánica,
Fecha de publicación, distribución, etc. 1966.
300 ## - DESCRIPCIÓN FÍSICA
Extensión 204 p. :
Otras características físicas facsims. ;
Dimensiones 20 cm.
490 1# - MENCIÓN DE SERIE
Mención de serie La Encina y el mar, poesía de España y América
Designación de volumen o secuencia 32
650 #4 - PUNTO DE ACCESO ADICIONAL DE MATERIA--TÉRMINO DE MATERIA
Término de materia o nombre geográfico como elemento de entrada Poesía nicaraguense
9 (RLIN) 8179
650 #4 - PUNTO DE ACCESO ADICIONAL DE MATERIA--TÉRMINO DE MATERIA
Término de materia o nombre geográfico como elemento de entrada Literatura nicaraguense
9 (RLIN) 8180
700 1# - PUNTO DE ACCESO ADICIONAL--NOMBRE DE PERSONA
Nombre de persona Coronel Urtecho, José
Término indicativo de función/relación pról.
9 (RLIN) 39945
830 #0 - PUNTO DE ACCESO ADICIONAL DE SERIE-TÍTULO UNIFORME
Título uniforme La Encina y el mar, poesía de España y América ;
Designación de volumen o secuencia 32
9 (RLIN) 39946
910 ## - DATOS DE OPCIÓN DEL USUARIO (OCLC)
Datos de opción del usuario Catalogación por derivada / LC
Holdings
Estado de retiro Estado de pérdida Restricciones de uso No para préstamo Código de colección Localización permanente Ubicación/localización actual Ubicación en estantería Fecha de adquisición Número de inventario Total de préstamos Signatura topográfica completa Código de barras Fecha visto por última vez Precio válido a partir de Tipo de ítem Koha
      Excluido de préstamo Monografías: Libros y Folletos General General En catalogación 10.05.2010 LF1   N861.44 C266e 18458-10 25.06.2020 25.06.2020 No se presta

Powered by Koha